Stirling City Landmarks - Statistics

General Stats
  • This quiz has been taken 34 times
  • The average score is 5 of 8
Answer Stats
Picture Answer % Correct
Stirling Castle
100%
Wallace Monument
94%
The Thistles
75%
The Peak
69%
Blair Drummond Safari Park
50%
Holy Rude
38%
Smith Art Gallery
38%
Bannockburn Heritage Center
25%
No matching quizzes found
Score Distribution
Percent of People with Each Score
Percentile by Number Answered
Your Score History
You have not taken this quiz